Music Quiz

Random Music or Artist Quiz

One Word Artist and Title Jumble Quiz Stats

 Plays Quiz Updated Jul 2, 2016

Also try: One-Word #1 Songs
Challenge
Share
Tweet
Embed
Score 0/42 Timer 07:00
3 Plays Today
% Correct
Believe
75.9%
Madonna
75.8%
Cher
75.5%
Umbrella
75.1%
Rihanna
75%
Hanson
72.7%
MMMBop
72%
Starship
71.5%
Vogue
67.4%
Angel
66.2%
Prince
65.1%
Nelly
64.6%
Shaggy
63.7%
Grillz
57.8%
Sara
56%
Usher
51.9%
Yeah
50.6%
Batdance
49.9%
Heart
49.2%
Styx
48.9%
Alone
48.5%
% Correct
Beyoncé
47.8%
Babe
47.8%
Chamillionaire
46.7%
Bananarama
46.4%
Roxette
43.9%
Irreplaceable
43.6%
Blondie
42.3%
Venus
41.1%
Joyride
39.5%
Rapture
39.1%
Ridin'
38.6%
Ashanti
37.6%
Foolish
33.8%
Sisqo
32.3%
Incomplete
32.1%
Africa
31.3%
Toto
31.2%
Amazed
24.1%
Lonestar
23.6%
Ciara
15.9%
Goodies
15.8%

You're not logged in!

Compare scores with friends on all Sporcle quizzes.
OR
Log In

You Might Also Like...

Show Comments

Extras

Top Quizzes Today


Score Distribution

Your Account Isn't Verified!

In order to create a playlist on Sporcle, you need to verify the email address you used during registration. Go to your Sporcle Settings to finish the process.

Report this User

Report this user for behavior that violates our Community Guidelines.

Details: